Geografia Chin - Statystyki

Ogólne statystyki
  • Ten quiz został rozwiązany 246 razy
  • Średni wynik to 16 z 22
Statystyki odpowiedzi
Pytanie Odpowiedź % Poprawnych
Która góra na granicy Chin i Nepalu jest najwyższa na świecie? Mount Everest
99%
Która góra na granicy Chin i Pakistanu jest drugą co do wysokości górą na świecie? K2
98%
Jak brzmi polska nazwa od angielskiego Beijing? Pekin
97%
Która pustynia w Chinach jest największa? Gobi
93%
Która aglomeracja miejska jest najludniejsza na świecie? Kanton
91%
Jaka jest najdłuższa rzeka w Chinach? Jangcy
90%
Który region Chin, niegdyś niepodległe państwo, składa się głównie z płaskowyżu o średniej wysokości 4500 metrów (14 800 stóp)? Tybet
88%
Z jakim krajem Chiny mają najkrótszą granicę, mającą zaledwie 76 kilometrów długości? Afganistan
78%
Która była portugalska kolonia została zwrócona Chinom w 1999 roku? Makau
77%
Jakie jest narodowe zwierzę Chin? Panda wielka
76%
Jaki dialekt chiński jest głównie używany w powyższym miejscu? Kantoński
74%
Na jakim morzu Chiny budowały sztuczne wyspy, aby rościć sobie do niego prawa? Morze Południowochińskie
74%
Która duża rzeka ma swój początek w Qinghai i uchodzi w Wietnamie? Mekong
73%
Która rzeka stanowi większość granicy Chin z Rosją? Amur
59%
Jakie jest główne miasto w tym regionie? Lhasa
59%
W której chińskiej prowincji mieszka więcej Mongołów niż w Mongolii? Mongolia Wewnętrzna
59%
Który plac w Pekinie był miejscem protestów demokratycznych i krwawej masakry w 1989 roku? Niebiańskiego spokoju
58%
Jak brzmi nieoficjalna nazwa północno-wschodniej części Chin? Mandżuria
57%
Która wyspa jest największa w Chinach? Hajnan
51%
Jaka muzułmańska grupa etniczna żyje w północno-zachodnich Chinach? Ujgurzy
48%
W jakim mieście znajduje się Terakotowa Armia Qinshihuang? Xi'an
46%
Jak nazywa się najludniejszy półwysep Hongkongu? Koulun
24%
Nie znaleziono quizów pasujących do podanych kryteriów
Rozkład punktacji
Procent ludzi z każdym wynikiem
Percentyl według liczby udzielonych odpowiedzi
Twoja historia wyników
Nie rozwiązałeś tego quizu